| 000 | 00788nam a2200217Ia 4500 | ||
|---|---|---|---|
| 999 |
_c40173 _d40173 |
||
| 001 | 6779 | ||
| 003 | GE_BSU | ||
| 005 | 20191226160536.0 | ||
| 008 | 181216s1940||||ge |||||||||||||| ||geo|| | ||
| 040 | _cGE_BSU | ||
| 041 | _ageo | ||
| 080 | _a821.353.1-32 გ-45 | ||
| 100 |
_aგვეტაძე, რაჟდენ. _95973 |
||
| 245 |
_aბელორუსული ნოველები / _c რაჟდენ გვეტაძე ; რედ. ვ. კიკნაძე. |
||
| 264 |
_aთბილისი : _bფედერაცია, _c1940. |
||
| 300 |
_a59 გვ. ; _c22 სმ. |
||
| 653 | _aბელორუსული | ||
| 653 | _aნოველები | ||
| 700 |
_aკიკნაძე, ვ. _eრედაქტორი _94368 |
||
| 942 |
_cBK _2udc |
||